Loading...
Religion | 0 | 3 | 0 | 0 | 30 | 59 | 73.00 | 2 | 3 |
History - Other History | 0 | 2 | 0 | 0 | 20 | 104 | 119.00 | 0 | 0 |
Literature - British Literature | 0 | 2 | 0 | 0 | 20 | 107 | 115.00 | 0 | 0 |
Fine Arts - Classical Music | 0 | 2 | 0 | 2 | 20 | 125 | 129.50 | 0 | 0 |
Social Science | 0 | 1 | 0 | 1 | 10 | 128 | 128.00 | 0 | 0 |
Fine Arts - Painting and Sculpture | 0 | 1 | 0 | 1 | 10 | 138 | 138.00 | 0 | 0 |
History - American History | 0 | 1 | 0 | 0 | 10 | 126 | 126.00 | 0 | 0 |
Philosophy | 0 | 1 | 0 | 1 | 10 | 122 | 122.00 | 0 | 0 |
Current Events | 0 | 1 | 0 | 0 | 10 | 122 | 122.00 | 0 | 0 |
Science - Physics | 0 | 1 | 0 | 0 | 10 | 118 | 118.00 | 0 | 0 |
Fine Arts - Other Fine Arts | 0 | 0 | 0 | 0 | 0 | 0.00 | 0 | 0 |